| 000 | 00463nam a22001817a 4500 | ||
|---|---|---|---|
| 003 | CEME | ||
| 005 | 20210628202351.0 | ||
| 008 | 210121b xxu||||| |||| 00| 0 eng d | ||
| 020 | _a0-12-581650-2 | ||
| 040 | _c. | ||
| 082 | _a621.317 POW | ||
| 100 |
_aMuhammad H Rashid _959580 |
||
| 245 | _aPower electronics handbook | ||
| 260 |
_aNEW YORK _bACADEMIC PRESS _c2001 |
||
| 300 | _aXVI,895 P | ||
| 650 |
_aPOWER ELECTRONICS HANDBOOK _959581 |
||
| 942 |
_cBK _2ddc |
||
| 999 |
_c569523 _d569523 |
||